Tribhuvan University Central Library

प्राथमिक विद्दालय (Record no. 91080)

MARC details
000 -LEADER
fixed length control field 00558nam a22001937a 4500
008 - FIXED-LENGTH DATA ELEMENTS--GENERAL INFORMATION
fixed length control field 200123b xxu||||| |||| 00| 0 eng d
020 ## - INTERNATIONAL STANDARD BOOK NUMBER
International Standard Book Number 9994656449
041 ## - LANGUAGE CODE
Language code of text/sound track or separate title Nep.
082 ## - DEWEY DECIMAL CLASSIFICATION NUMBER
Classification number N808.803 523/Bh324p
100 ## - MAIN ENTRY--PERSONAL NAME
Personal name Bharati, Damber rasik
241 ## - ROMANIZED TITLE (BK AM CF MP MU VM)
Romanized title Prathamik bidhyalaya (baalupanyas)
245 ## - TITLE STATEMENT
Title प्राथमिक विद्दालय
250 ## - EDITION STATEMENT
Edition statement 2nd.
260 ## - PUBLICATION, DISTRIBUTION, ETC.
Place of publication, distribution, etc. Kathmandu:
Name of publisher, distributor, etc. Damber rasik bharati,
Date of publication, distribution, etc. 2062 B.S.
300 ## - PHYSICAL DESCRIPTION
Extent 60p.;illus.
650 ## - SUBJECT ADDED ENTRY--TOPICAL TERM
Topical term or geographic name entry element Children's literature
9 (RLIN) 13418
650 ## - SUBJECT ADDED ENTRY--TOPICAL TERM
Topical term or geographic name entry element Nepali novels
942 ## - ADDED ENTRY ELEMENTS (KOHA)
Source of classification or shelving scheme Dewey Decimal Classification
Koha item type ISBN
Holdings
Withdrawn status Lost status Source of classification or shelving scheme Damaged status Not for loan Home library Current library Date acquired Total Checkouts Full call number Barcode Date last seen Price effective from Koha item type
    Dewey Decimal Classification     Tribhuvan University Central Library Tribhuvan University Central Library 01/23/2020   N808.803 523/Bh324p IS4155 01/23/2020 01/23/2020 JS